| 000 | 00698nam a22002057a 4500 | ||
|---|---|---|---|
| 003 | UA-OsUOA | ||
| 001 | 39615 | ||
| 007 | ta | ||
| 008 | 20080513b un ||||| |||| 00| 0 ukr d | ||
| 090 |
_a050 _bП81 |
||
| 942 | _cMG | ||
| 040 |
_aUA-OsUOA _bukr _cUA-OsUOA _dUA-OsUOA |
||
| 245 |
_aПромінь _b1977: 1-3; 1978: 10, 11, 12; 1979: 1-6; 1981: 10, 11-12; 1982: 1-6; 1993: 6, 7-8, 10-12; 1997: 3; 1999: 9 |
||
| 955 | _a4 | ||
| 041 | _aukr | ||
| 080 | _a050 | ||
| 260 | _aВінніпег | ||
| 650 | 7 |
_a050 Серійні публікації. Періодика галузі, Організація та інші типи поєднання (співробітництва) _2UDC |
|
| 999 |
_c438123 _d438123 |
||